Statistiques concernant Divisions-6 à 9

Cliquez ici pour prendre le quiz!

Statistiques générales

  • Ce quiz a été pris 27 fois
  • Le résultat moyen est 27 sur 39

Statistiques - réponses

ProblèmeSolution% Correct
7/71
96%
9/91
96%
8/81
96%
6/61
96%
2/80.25
85%
3/60.5
85%
4/80.5
85%
6/80.75
81%
9/61.5
77%
1/80.125
73%
1/60.166
69%
2/60.333
69%
3/90.333
69%
5/80.625
69%
4/60.666
69%
6/90.666
69%
5/60.833
69%
7/61.166
69%
10/81.25
69%
8/61.333
69%
10/61.666
69%
1/90.111
65%
2/90.222
65%
3/80.375
65%
4/90.444
65%
5/90.555
65%
7/90.777
65%
7/80.875
65%
8/90.888
65%
10/91.111
65%
9/81.125
65%
1/70.142
58%
2/70.285
58%
3/70.428
58%
4/70.571
58%
5/70.714
58%
6/70.857
58%
8/71.142
58%
9/71.285
58%

Distribution des résultats

Percentile par nombre de réponses

% des personnes avec chaque résultat

Votre développement - résultats

Vous n’avez pas pris ce quiz